Talking of Power: (Record no. 190037)

MARC details
000 -LEADER
fixed length control field 00609nam a22001817a 4500
005 - DATE AND TIME OF LATEST TRANSACTION
control field 20220715173659.0
010 ## - LCCN (DPL NO)
LC control number ENG-133617
020 ## - INTERNATIONAL STANDARD BOOK NUMBER
Terms of availability 750.00
International Standard Book Number 9789381345818
035 ## - SYSTEM CONTROL NUMBER
System control number EN-117149
037 ## - SOURCE OF ACQUISITION
Source of stock number/acquisition DBAD/PUB
082 ## - DEWEY DECIMAL CLASSIFICATION NUMBER
Classification number 305.4879144
245 ## - TITLE STATEMENT
Title Talking of Power:
Statement of responsibility, etc ed.by Malini Bhattacharya and Abhijit Sen
Remainder of title early writings of bengali women/
260 ## - PUBLICATION, DISTRIBUTION, ETC. (IMPRINT)
Place of publication, distribution, etc New Delhi
Date of publication, distribution, etc 2021
Name of publisher, distributor, etc Sage Publication
270 ## - ADDRESS
Address BI/I-I Mohan Cooperative Industrial Area Mathura road,
City New Delhi
Postal code 110044
300 ## - PHYSICAL DESCRIPTION
Extent xv;180p.
Dimensions 22cm(pbk)
700 ## - ADDED ENTRY--PERSONAL NAME
Personal name Sen,Abhijit
942 ## - ADDED ENTRY ELEMENTS (KOHA)
Source of classification or shelving scheme Dewey Decimal Classification
Item type English Books
Classification part 305.4879144
Call number suffix TAL
Holdings
Withdrawn status Lost status Not for loan Collection code Home library Current library Date acquired Source of acquisition Cost, normal purchase price Full call number Barcode Copy number Cost, replacement price Koha item type
      Non-fiction Bawana Bawana 15/07/2022 DBAD/PUB 750.00 305.4879144 TAL EN-117149 1 750.00 English Books

© Delhi Public Library
Hit Counter
free hit counter